Smlouva o úvěru. Smlouva o kontrolní činnosti.

Základné znaky zmluvy o úvere podľa Obchodného zákonníka. Práva a povinnosti veriteľa a dlžníka. Praktický príklad zmluvy o úvere. Zmluva o kontrolnej činnosti v zmysle ustanovení Obchodného zákonníka. Predmet zmluvy, doba plnenia, výška poplatku za vykonávanie kontroly, práva a povinnosti zmluvných...

ver descrição completa

Na minha lista:
Detalhes bibliográficos
Autor principal: Pohl, Tomáš
Formato: Capítulo de Livro
Idioma:tcheco
Assuntos:
Tags: Adicionar Tag
Sem tags, seja o primeiro a adicionar uma tag!

MARC

LEADER 00000naa a2200000 4500
001 r012677
005 20220826093219.4
041 0 |a cze 
044 |a CZ 
245 1 0 |a Smlouva o úvěru. Smlouva o kontrolní činnosti.  |c Tomáš Pohl 
520 |a Základné znaky zmluvy o úvere podľa Obchodného zákonníka. Práva a povinnosti veriteľa a dlžníka. Praktický príklad zmluvy o úvere. Zmluva o kontrolnej činnosti v zmysle ustanovení Obchodného zákonníka. Predmet zmluvy, doba plnenia, výška poplatku za vykonávanie kontroly, práva a povinnosti zmluvných strán. 
610 2 0 |a úver 
610 2 0 |a zmluvy úverové 
610 2 0 |a zákonník obchodný 
610 2 0 |a Čechy 
610 2 0 |a veritelia 
610 2 0 |a dlžníci 
100 1 |a Pohl, Tomáš